[Event "RUS-ch Higher League 74th"]
[Site "Cheboksary"]
[Date "2021.07.05"]
[Round "9"]
[White "Tugarin, Anton"]
[Black "Samojlov, Anton"]
[Result "1/2-1/2"]
[WhiteElo "2247"]
[BlackElo "2372"]
[PlyCount "353"]
[EventDate "2021.06.26"]
[EventType "swiss"]
[EventRounds "9"]
[EventCountry "RUS"]
[SourceTitle "CBM 203 Extra"]
[Source "ChessBase"]
[SourceDate "2021.09.30"]
[SourceVersion "1"]
[SourceVersionDate "2021.09.30"]
[SourceQuality "1"]

1. e4 c5 2. Nf3 d6 3. d4 cxd4 4. Nxd4 Nf6 5. Nc3 Nc6 6. Bg5 e6 7. Qd2 Qb6 8. Nb3 Be7 9. Bxf6 Bxf6 10. Qxd6 Be5 11. Qc5 Qxc5 12. Nxc5 Ke7 13. Bb5 Nb8 14. 0-0-0 b6 15. Nd3 Bxc3 16. bxc3 Bb7 17. f3 Rc8 18. Kb2 a6 19. Ba4 Rc7 20. h4 b5 21. Bb3 Nd7 22. Nf4 a5 23. a3 Ba6 24. Rd2 Rac8 25. Ne2 Nb6 26. Rhd1 Rc6 27. e5 Rc5 28. Rd6 R8c6 29. Rxc6 Rxc6 30. Nd4 Rc7 31. h5 Rc5 32. f4 Bb7 33. g3 h6 34. Rd3 a4 35. Ba2 Be4 36. Rd1 Bd5 37. Bxd5 Nxd5 38. Rd3 Nb6 39. Nf3 f6 40. exf6+ gxf6 41. g4 Nd5 42. f5 exf5 43. gxf5 Nf4 44. Re3+ Kf7 45. Nd4 Nxh5 46. c4 bxc4 47. Rf3 Re5 48. Kc3 Re4 49. Kxc4 Nf4 50. Kc5 h5 51. c4 h4 52. Nb5 Re5+ 53. Kb6 Ng2 54. c5 Re3 55. Rf1 Rb3 56. Ka5 Ne3 57. Rh1 Nxf5 58. Kxa4 Rb2 59. c6 Rc2 60. c7 Kg6 61. Kb3 Rc6 62. a4 Kh5 63. Re1 Kg4 64. Re6 Rxc7 65. Re4+ Kf3 66. Rxh4 Rc5 67. Rc4 Rd5 68. Kb4 Ne3 69. Rd4 Nc2+ 70. Kc4 Ne3+ 71. Kd3 Rc5 72. Re4 Nc2 73. Rc4 Ne1+ 74. Kc3 Re5 75. Nd4+ Ke3 76. Nc6 Re8 77. a5 Nd3 78. Nd4 Ne5 79. Nf5+ Kf3 80. Ra4 Rc8+ 81. Kb3 Nd3 82. Nd4+ Ke3 83. Rc4 Rb8+ 84. Kc3 Ne5 85. Nf5+ Kf3 86. Ra4 Rc8+ 87. Kd4 Nc6+ 88. Kd5 Nxa5 89. Rxa5 Re8 90. Nd4+ Kf4 91. Ne6+ Ke3 92. Ra3+ Kd2 93. Rf3 Re7 94. Nf4 Re3 95. Rf2+ Kc3 96. Ne2+ Kd3 97. Nc1+ Kc3 98. Na2+ Kb3 99. Kd4 Re1 100. Nc3 Rh1 101. Ne4 Rd1+ 102. Ke3 Rd8 103. Rf5 Kc4 104. Rc5+ Kb4 105. Rc7 f5 106. Rb7+ Kc4 107. Nd2+ Kc5 108. Nb3+ Kc4 109. Nd2+ Kc5 110. Nf3 Ra8 111. Rc7+ Kd5 112. Rd7+ Kc5 113. Rd3 Ra4 114. Rc3+ Kd5 115. Rb3 Kc5 116. Kd3 Rf4 117. Nd2 Rh4 118. Rc3+ Kd5 119. Nf3 Ra4 120. Rc8 Ra3+ 121. Ke2 f4 122. Rd8+ Ke4 123. Re8+ Kd5 124. Re5+ Kd6 125. Rf5 Re3+ 126. Kf2 Re4 127. Ng5 Ra4 128. Nf3 Ra2+ 129. Ke1 Ke6 130. Rb5 Kd6 131. Rh5 Ke6 132. Nd4+ Kd6 133. Nb5+ Ke6 134. Nc3 Rb2 135. Ne2 f3 136. Nd4+ Kd6 137. Nxf3 Ra2 138. Nd2 Ke6 139. Ke2 Kf6 140. Ke3 Ra1 141. Kf4 Ke6 142. Nc4 Re1 143. Ra5 Rh1 144. Ne3 Rh4+ 145. Ng4 Rh1 146. Ra6+ Kd7 147. Nf6+ Ke7 148. Ke5 Re1+ 149. Ne4 Kd7 150. Ra3 Kc7 151. Ra4 Rc1 152. Kd5 Rd1+ 153. Ke6 Rc1 154. Ra7+ Kc6 155. Rh7 Re1 156. Ke5 Rd1 157. Rh6+ Kc7 158. Nc3 Rg1 159. Nd5+ Kb7 160. Rb6+ Kc8 161. Rc6+ Kb7 162. Rc7+ Kb8 163. Rf7 Rb1 164. Kd6 Rc1 165. Rh7 Rd1 166. Kc5 Rc1+ 167. Kb5 Rb1+ 168. Nb4 Kc8 169. Rg7 Kd8 170. Kc5 Ke8 171. Nd5 Kf8 172. Ra7 Rf1 173. Kd6 Rf7 174. Ne7 Rf1 175. Ng6+ Kg8 176. Ke6 Rf6+ 177. Kxf6 1/2-1/2

[Event "RUS-ch Higher League 74th"]
[Site "Cheboksary"]
[Date "2021.07.04"]
[Round "8"]
[White "Saveliev, Alexei"]
[Black "Tugarin, Anton"]
[Result "1-0"]
[WhiteElo "2381"]
[BlackElo "2247"]
[PlyCount "201"]
[EventDate "2021.06.26"]
[EventType "swiss"]
[EventRounds "9"]
[EventCountry "RUS"]
[SourceTitle "CBM 203 Extra"]
[Source "ChessBase"]
[SourceDate "2021.09.30"]
[SourceVersion "1"]
[SourceVersionDate "2021.09.30"]
[SourceQuality "1"]

1. e4 e6 2. d4 d5 3. Nd2 c5 4. exd5 Qxd5 5. dxc5 Nf6 6. Ngf3 Qxc5 7. Bd3 Nbd7 8. 0-0 Be7 9. Qe2 Qc7 10. Nb3 0-0 11. Re1 b6 12. Bg5 Bb7 13. c3 h6 14. Bh4 Nd5 15. Bg3 Bd6 16. Bc2 Nf4 17. Qe3 Nf6 18. Rad1 N4d5 19. Qe2 Bxg3 20. hxg3 Rad8 21. Nbd4 Ba8 22. Rd2 Qc5 23. Red1 Rde8 24. Ne5 Re7 25. a3 Nd7 26. Nef3 N5f6 27. c4 Qh5 28. b4 Ng4 29. Nh4 Ndf6 30. Re1 g5 31. Nhf3 Rd8 32. Nc6 Red7 33. Rxd7 Rxd7 34. b5 Rd6 35. Rd1 Bxc6 36. bxc6 Rxc6 37. Rd8+ Kg7 38. Qd3 e5 39. Ra8 Qh1+ 40. Kxh1 Nxf2+ 41. Kg1 Nxd3 42. Bxd3 e4 43. Nd4 Rc5 44. Be2 Ra5 45. Nc2 h5 46. Kf2 Kg6 47. Ke3 Kg7 48. Rd8 Kg6 49. Rd1 Re5 50. Rb1 Nd7 51. Rh1 Nf6 52. Rd1 Kh6 53. Kd4 Re6 54. Ne3 Kg6 55. Rh1 g4 56. Nd5 Rd6 57. Rf1 Nd7 58. Kxe4 Nc5+ 59. Kd4 Kg7 60. Rh1 Re6 61. Bd3 Kh6 62. Rf1 Kg7 63. Kc3 Re5 64. Nf4 Kh6 65. Kd4 Re8 66. Rh1 Rd8+ 67. Kc3 Re8 68. Rxh5+ Kg7 69. Rh7+ Kg8 70. Rh4 Re1 71. Rxg4+ Kf8 72. Bc2 Re3+ 73. Nd3 Nd7 74. Kd2 Re6 75. Rd4 Nf6 76. Nf4 Re5 77. Nd5 Nh5 78. g4 Ng7 79. Nc7 Ra5 80. Rd8+ Ke7 81. Rd3 Rc5 82. Nd5+ Kf8 83. Bb3 Ne6 84. a4 Kg7 85. Kc3 Rc8 86. Bc2 Rh8 87. Rh3 Rd8 88. Rh7+ Kg8 89. Nf6+ Kf8 90. Rh8+ Ke7 91. Rxd8 Nxd8 92. Nd5+ Kd6 93. g5 Ne6 94. g6 fxg6 95. Bxg6 Nc5 96. Bc2 Ke5 97. Nb4 Kd6 98. Nd3 Ne6 99. Bd1 Ng5 100. Bf3 Ne6 101. Bd5 1-0

[Event "RUS-ch Higher League 74th"]
[Site "Cheboksary"]
[Date "2021.07.03"]
[Round "7"]
[White "Nurachev, Abdul"]
[Black "Tugarin, Anton"]
[Result "0-1"]
[WhiteElo "1773"]
[BlackElo "2247"]
[PlyCount "128"]
[EventDate "2021.06.26"]
[EventType "swiss"]
[EventRounds "9"]
[EventCountry "RUS"]
[SourceTitle "CBM 203 Extra"]
[Source "ChessBase"]
[SourceDate "2021.09.30"]
[SourceVersion "1"]
[SourceVersionDate "2021.09.30"]
[SourceQuality "1"]

1. e4 c5 2. Nf3 Nc6 3. Bb5 g6 4. Bxc6 bxc6 5. 0-0 Bg7 6. e5 f6 7. e6 dxe6 8. d3 Rb8 9. Nbd2 Nh6 10. b3 Nf7 11. Ba3 Qd5 12. Nc4 0-0 13. Qd2 Nd6 14. Qe3 Nb7 15. Rae1 e5 16. Nfd2 Re8 17. Ne4 Nd6 18. Qxc5 Nxc4 19. bxc4 Qxc5 20. Nxc5 Bf8 21. Rb1 Rb6 22. Rb3 Bf5 23. Rfb1 Reb8 24. f3 h5 25. Na4 Rxb3 26. Rxb3 Rxb3 27. axb3 Kf7 28. Bc5 a6 29. Kf2 g5 30. h3 g4 31. hxg4 hxg4 32. Nc3 Bc8 33. Na2 gxf3 34. gxf3 Ke6 35. Nb4 Kd7 36. c3 Bg7 37. d4 exd4 38. cxd4 e6 39. Nd3 Kc7 40. Kg3 a5 41. Kh4 Bd7 42. Nf4 Bh6 43. Nh5 Bg5+ 44. Kg3 Be8 45. Ng7 Bf7 46. f4 Bh6 47. Bf8 Kd7 48. Kg4 c5 49. dxc5 Kc6 50. f5 e5 51. Ne6 Bxf8 52. Nxf8 Bxc4 53. Nh7 Bxb3 54. Nxf6 Bc2 55. Kg5 Kxc5 56. Nd7+ Kd4 57. f6 Bb3 58. Kf5 e4 59. Nc5 Kxc5 60. Kxe4 Kb4 61. Kd3 Ka3 62. Kc3 Ka2 63. Kd4 Kb2 64. Kc5 a4 0-1

[Event "RUS-ch Higher League 74th"]
[Site "Cheboksary"]
[Date "2021.06.30"]
[Round "5"]
[White "Truskavetsky, Alexandr"]
[Black "Tugarin, Anton"]
[Result "1-0"]
[WhiteElo "2386"]
[BlackElo "2247"]
[PlyCount "85"]
[EventDate "2021.06.26"]
[EventType "swiss"]
[EventRounds "9"]
[EventCountry "RUS"]
[SourceTitle "CBM 203 Extra"]
[Source "ChessBase"]
[SourceDate "2021.09.30"]
[SourceVersion "1"]
[SourceVersionDate "2021.09.30"]
[SourceQuality "1"]

1. Nf3 d5 2. g3 Nf6 3. Bg2 c6 4. d4 Bf5 5. c4 e6 6. Nc3 Nbd7 7. Qb3 Qb6 8. c5 Qxb3 9. axb3 a6 10. b4 Rc8 11. h3 h6 12. g4 Bh7 13. Bf4 Ne4 14. h4 h5 15. g5 Be7 16. Nd2 Nxd2 17. Kxd2 Bg6 18. e4 dxe4 19. Nxe4 Bxe4 20. Bxe4 0-0 21. Kc3 Rfe8 22. Rhe1 g6 23. Bg3 Bf8 24. f4 Bg7 25. Bf2 Red8 26. Bf3 Kf8 27. Kc4 Kg8 28. Kb3 Kf8 29. Rad1 Bh8 30. f5 exf5 31. Bg3 Re8 32. d5 Ne5 33. Bg2 Bg7 34. Re2 cxd5 35. Rde1 f6 36. gxf6 Bxf6 37. Bxe5 Bxe5 38. Rxe5 Rxe5 39. Rxe5 Rc7 40. Bxd5 Kg7 41. Re6 Rd7 42. Kc4 f4 43. Rb6 1-0

[Event "RUS-ch Higher League 73rd"]
[Site "Sochi"]
[Date "2020.10.09"]
[Round "2"]
[White "Tugarin, Anton"]
[Black "Paravyan, David"]
[Result "0-1"]
[WhiteElo "2224"]
[BlackElo "2653"]
[PlyCount "84"]
[EventDate "2020.10.08"]
[EventType "swiss"]
[EventRounds "9"]
[EventCountry "RUS"]
[SourceTitle "CBM 198 Extra"]
[Source "ChessBase"]
[SourceDate "2020.11.30"]
[SourceVersion "1"]
[SourceVersionDate "2020.11.30"]
[SourceQuality "1"]

1. e4 c5 2. c3 e6 3. d4 cxd4 4. cxd4 d5 5. e5 Nc6 6. Nf3 Nge7 7. Na3 Nf5 8. Nc2 Bd7 9. Bd3 Nb4 10. Nxb4 Bxb4+ 11. Bd2 Qb6 12. Bxf5 exf5 13. 0-0 Be7 14. Bg5 Bxg5 15. Nxg5 h6 16. Nh3 g5 17. f4 0-0-0 18. Qd2 g4 19. Nf2 Kb8 20. Rfc1 Rc8 21. b3 h5 22. Nd1 h4 23. Ne3 Be6 24. b4 g3 25. h3 Qa6 26. Rc5 b6 27. Rxc8+ Rxc8 28. a4 b5 29. Qd3 Qc6 30. Kf1 bxa4 31. Ke2 a6 32. Ra2 Qb7 33. Rc2 Qxb4 34. Qxa6 Rxc2+ 35. Nxc2 Qc4+ 36. Qxc4 dxc4 37. Kd2 Bd5 38. Ne3 a3 39. Kc2 a2 40. Kb2 c3+ 41. Ka1 Bxg2 42. Kxa2 Bxh3 0-1

[Event "St Petersburg Korchnoi Memorial op"]
[Site "St Petersburg"]
[Date "2019.08.18"]
[Round "5"]
[White "Anisimov, Yuri"]
[Black "Tugarin, Anton"]
[Result "0-1"]
[WhiteElo "1882"]
[BlackElo "2217"]
[PlyCount "82"]
[EventDate "2019.08.14"]
[EventType "swiss"]
[EventRounds "9"]
[EventCountry "RUS"]
[SourceTitle "CBM 192"]
[Source "ChessBase"]
[SourceDate "2019.10.31"]
[SourceVersion "1"]
[SourceVersionDate "2019.10.31"]
[SourceQuality "1"]

1. d4 e6 2. c4 f5 3. Nf3 Nf6 4. g3 d5 5. Bg2 Bd6 6. 0-0 0-0 7. Nbd2 b6 8. Ne1 Bb7 9. Nd3 Nc6 10. e3 Ne4 11. b3 a5 12. a3 a4 13. Qc2 axb3 14. Nxb3 Qe8 15. Bb2 Ba6 16. cxd5 exd5 17. Rfc1 Bc4 18. Nd2 Nxd2 19. Qxd2 Na5 20. Rxc4 dxc4 21. Bxa8 Qxa8 22. Nc1 f4 23. exf4 Re8 24. Bc3 Qf3 25. Ra2 Nb3 26. Qc2 Nxd4 27. Qd2 c5 28. h3 Qd5 29. Bxd4 cxd4 30. Ne2 d3 31. Nc3 Qf3 32. Kh2 Bc5 33. Rb2 Bd4 34. Ra2 Qc6 35. Ra1 Bxc3 36. Qxc3 Re2 37. Qd4 Qc5 38. Qd8+ Kf7 39. Qd7+ Re7 40. Qg4 Qxf2+ 41. Kh1 Qc5 0-1

[Event "Eurasia Cup op"]
[Site "Ekaterinburg"]
[Date "2019.08.05"]
[Round "5"]
[White "Tugarin, Anton"]
[Black "Khmelev, Mikhail"]
[Result "1/2-1/2"]
[WhiteElo "2217"]
[BlackElo "2013"]
[PlyCount "63"]
[EventDate "2019.07.31"]
[EventType "swiss"]
[EventRounds "9"]
[EventCountry "RUS"]
[SourceTitle "CBM 191 Extra"]
[Source "ChessBase"]
[SourceDate "2019.09.30"]
[SourceVersion "1"]
[SourceVersionDate "2019.09.30"]
[SourceQuality "1"]

1. e4 c5 2. Nc3 g6 3. Nge2 Bg7 4. d4 b6 5. dxc5 Bb7 6. cxb6 Qxb6 7. Rb1 Nf6 8. Be3 Qd8 9. f3 0-0 10. Nd4 e5 11. Nb3 d5 12. exd5 Nxd5 13. Nxd5 Bxd5 14. c4 Be6 15. Qxd8 Rxd8 16. Be2 Nc6 17. 0-0 Nd4 18. Bxd4 exd4 19. Bd3 Rdc8 20. Na5 Bf6 21. Rbc1 Rab8 22. Rc2 Bd7 23. Re2 Be6 24. Rc1 Bg5 25. Rce1 Bd8 26. Nb3 Kg7 27. Rc2 Rb4 28. Nd2 Bg5 29. b3 a5 30. Ne4 Be3+ 31. Kf1 a4 32. bxa4 1/2-1/2

[Event "Samara Polugaevsky Memorial 8th"]
[Site "Samara"]
[Date "2018.07.18"]
[Round "9"]
[White "Kopylov, Alexander A"]
[Black "Tugarin, Anton"]
[Result "1-0"]
[WhiteElo "2431"]
[BlackElo "2248"]
[PlyCount "39"]
[EventDate "2018.07.10"]
[EventType "swiss"]
[EventRounds "9"]
[EventCountry "RUS"]
[SourceTitle "CBM 185 Extra"]
[Source "ChessBase"]
[SourceDate "2018.07.29"]
[SourceVersion "1"]
[SourceVersionDate "2018.07.29"]
[SourceQuality "1"]

1. d4 d5 2. c4 c6 3. Nf3 Nf6 4. e3 Bf5 5. Nc3 a6 6. Bd3 Bxd3 7. Qxd3 e6 8. 0-0 Bb4 9. Bd2 0-0 10. Rfc1 Nbd7 11. Nxd5 Nxd5 12. cxd5 Bxd2 13. Nxd2 cxd5 14. Rc2 Rc8 15. Rac1 Rxc2 16. Rxc2 Qb8 17. Qc3 Nb6 18. Qa5 Qd6 19. Rc3 Rc8 20. Qxb6 1-0

[Event "Moscow op-A 14th"]
[Site "Moscow"]
[Date "2018.02.03"]
[Round "8"]
[White "Tugarin, Anton"]
[Black "Baghdasaryan, Vahe"]
[Result "0-1"]
[WhiteElo "2267"]
[BlackElo "2436"]
[PlyCount "87"]
[EventDate "2018.01.27"]
[EventType "swiss"]
[EventRounds "9"]
[EventCountry "RUS"]
[SourceTitle "CBM 182 Extra"]
[Source "ChessBase"]
[SourceDate "2018.02.23"]
[SourceVersion "1"]
[SourceVersionDate "2018.02.23"]
[SourceQuality "1"]

1. d4 d5 2. c4 c6 3. cxd5 cxd5 4. Bg5 Nc6 5. Nc3 f6 6. e4 fxg5 7. exd5 Nb8 8. Nf3 Nf6 9. Nxg5 a6 10. Bd3 g6 11. Qa4+ Bd7 12. Qb3 Bh6 13. h4 b5 14. d6 Bxg5 15. hxg5 Nh5 16. Nd5 exd6 17. Be2 Qa5+ 18. Kf1 Kd8 19. Bxh5 gxh5 20. Qg3 Re8 21. Qxd6 Re6 22. Qf8+ Be8 23. Qf5 Bd7 24. Qxh7 Qd2 25. g6 Qd3+ 26. Kg1 Qxg6 27. Qxh5 Qxh5 28. Rxh5 Ra7 29. Ne3 Be8 30. Rh8 Re4 31. Nf5 Rd7 32. f3 Re6 33. Kf2 Nc6 34. Rd1 Nb4 35. a3 Nd5 36. Rc1 Nf4 37. Rc2 Nd3+ 38. Kg3 Rd5 39. Rd2 Nc1 40. Nh6 Ne2+ 41. Kf2 Nxd4 42. Ng4 Rdd6 43. f4 Nf5 44. Re2 0-1

[Event "Moscow op-A 14th"]
[Site "Moscow"]
[Date "2018.02.02"]
[Round "7"]
[White "Geivondian, Arman"]
[Black "Tugarin, Anton"]
[Result "1/2-1/2"]
[WhiteElo "2380"]
[BlackElo "2267"]
[PlyCount "156"]
[EventDate "2018.01.27"]
[EventType "swiss"]
[EventRounds "9"]
[EventCountry "RUS"]
[SourceTitle "CBM 182 Extra"]
[Source "ChessBase"]
[SourceDate "2018.02.23"]
[SourceVersion "1"]
[SourceVersionDate "2018.02.23"]
[SourceQuality "1"]

1. d4 d5 2. Nf3 e6 3. c4 c6 4. Qc2 Nf6 5. cxd5 exd5 6. Bg5 Be7 7. Nc3 g6 8. e4 dxe4 9. Bxf6 Bxf6 10. Qxe4+ Qe7 11. Bc4 0-0 12. Qxe7 Bxe7 13. 0-0 Kg7 14. Rfe1 Bf6 15. Ne4 Nd7 16. Nd6 Nb6 17. Bb3 Bg4 18. Ne5 Rad8 19. Nexf7 Rd7 20. Ne8+ Rxe8 21. Rxe8 Rxf7 22. Bxf7 Kxf7 23. Rb8 Bc8 24. a4 a5 25. Ra3 Bxd4 26. Rb3 Be5 27. Rxb7+ Bxb7 28. Rxb6 Bc8 29. Rxc6 Bd7 30. Rc5 Bxb2 31. Rxa5 Ke6 32. Ra7 Bd4 33. Rb7 h5 34. a5 Bc6 35. Rb8 Kd7 36. h3 Kc7 37. Rg8 Be4 38. Re8 Bf5 39. g4 hxg4 40. hxg4 Bd3 41. Re1 Bc5 42. Re6 Kd7 43. Re1 Ba6 44. Re5 Kd6 45. Re8 Bc4 46. Rf8 Ke7 47. Rf4 Bd3 48. Rf3 Be2 49. Rf4 Bd3 50. Ra4 Bb5 51. Re4+ Kd6 52. Rf4 Ke6 53. g5 Be7 54. Rf3 Bc4 55. Re3+ Kd6 56. f4 Bd8 57. Ra3 Ba6 58. Kh2 Kc5 59. Rc3+ Kd5 60. Re3 Bc7 61. Kg3 Bb5 62. Re7 Bxa5 63. Re5+ Kc6 64. Re6+ Kd7 65. Rxg6 Bd3 66. Rh6 Be1+ 67. Kg4 Be2+ 68. Kf5 Bd3+ 69. Kf6 Bc3+ 70. Kf7 Bc4+ 71. Kg6 Bd3+ 72. f5 Be5 73. Rh3 Bc2 74. Re3 Kd6 75. Re1 Bd4 76. Re8 Kd5 77. Rd8+ Ke5 78. Rxd4 Bxf5+ 1/2-1/2

[Event "Moscow op-A 14th"]
[Site "Moscow"]
[Date "2018.01.30"]
[Round "4"]
[White "Tugarin, Anton"]
[Black "Lauda, Alexandr"]
[Result "1-0"]
[WhiteElo "2267"]
[BlackElo "2008"]
[PlyCount "41"]
[EventDate "2018.01.27"]
[EventType "swiss"]
[EventRounds "9"]
[EventCountry "RUS"]
[SourceTitle "CBM 182 Extra"]
[Source "ChessBase"]
[SourceDate "2018.02.23"]
[SourceVersion "1"]
[SourceVersionDate "2018.02.23"]
[SourceQuality "1"]

1. Nf3 b5 2. e4 Bb7 3. Bxb5 Bxe4 4. 0-0 e6 5. Re1 Bb7 6. d4 a6 7. Bd3 Nf6 8. Nbd2 g5 9. Nxg5 Bxg2 10. Kxg2 Rg8 11. Nde4 d5 12. Ng3 Bd6 13. Qf3 h6 14. Nxe6 fxe6 15. Rxe6+ Kf7 16. Rxf6+ Qxf6 17. Qxd5+ Kg7 18. Nh5+ Kh8+ 19. Qxg8+ Kxg8 20. Nxf6+ Kf7 21. Be4 1-0

[Event "Chigorin Memorial 25th"]
[Site "St Petersburg"]
[Date "2017.10.27"]
[Round "7"]
[White "Baltabaev, Temirlan"]
[Black "Tugarin, Anton"]
[Result "0-1"]
[WhiteElo "2353"]
[BlackElo "2251"]
[PlyCount "107"]
[EventDate "2017.10.21"]
[EventType "swiss"]
[EventRounds "9"]
[EventCountry "RUS"]
[SourceTitle "CBM 181 Extra"]
[Source "ChessBase"]
[SourceDate "2017.12.12"]
[SourceVersion "1"]
[SourceVersionDate "2017.12.12"]
[SourceQuality "1"]

1. Nf3 d5 2. g3 Nf6 3. Bg2 c6 4. b3 Bf5 5. Bb2 e6 6. 0-0 Nbd7 7. c4 h6 8. d3 Bc5 9. Nbd2 0-0 10. Qe1 Bh7 11. e4 dxe4 12. Nxe4 Be7 13. Rd1 Qc7 14. Qc3 a5 15. a3 Rfd8 16. Rfe1 Bf8 17. Bc1 Nxe4 18. dxe4 Nc5 19. Nd4 Rd7 20. b4 axb4 21. axb4 Na6 22. Nc2 Rad8 23. Bf4 Qc8 24. Rxd7 Qxd7 25. c5 Nc7 26. Na3 Na6 27. Nc2 Nc7 28. Bf1 Nb5 29. Bxb5 cxb5 30. Na3 Qc6 31. Qe5 f6 32. Qc3 e5 33. Bc1 Bxe4 34. Nxb5 Bh1 35. f3 Bxf3 36. Qc4+ Bd5 37. Qe2 b6 38. Nc3 Be6 39. Qa6 Bc8 40. Qxb6 Qxb6 41. cxb6 Bxb4 42. Rd1 Bc5+ 43. Kg2 Rxd1 44. Nxd1 Bxb6 45. Ne3 Be6 46. Kf3 f5 47. Bb2 e4+ 48. Ke2 g5 49. Be5 Kf7 50. h4 Kg6 51. hxg5 hxg5 52. Bd6 Kf6 53. Bb8 Bd4 54. Bc7 0-1

[Event "Chigorin Memorial 25th"]
[Site "St Petersburg"]
[Date "2017.10.26"]
[Round "6"]
[White "Tugarin, Anton"]
[Black "Praggnanandhaa, Rameshbabu"]
[Result "1/2-1/2"]
[WhiteElo "2251"]
[BlackElo "2503"]
[PlyCount "80"]
[EventDate "2017.10.21"]
[EventType "swiss"]
[EventRounds "9"]
[EventCountry "RUS"]
[SourceTitle "CBM 181 Extra"]
[Source "ChessBase"]
[SourceDate "2017.12.12"]
[SourceVersion "1"]
[SourceVersionDate "2017.12.12"]
[SourceQuality "1"]

1. Nf3 Nf6 2. c4 e6 3. g3 d5 4. d4 Bb4+ 5. Bd2 Bd6 6. Nc3 0-0 7. Bg5 c6 8. Bg2 h6 9. Bxf6 Qxf6 10. e4 dxe4 11. Nxe4 Bb4+ 12. Nc3 Nd7 13. 0-0 Bxc3 14. bxc3 e5 15. c5 exd4 16. cxd4 Rd8 17. Qa4 Nf8 18. Rab1 Ne6 19. Rfd1 Nc7 20. Qa5 Nb5 21. a4 Bg4 22. axb5 Bxf3 23. Bxf3 Qxf3 24. bxc6 bxc6 25. Qa6 Rd7 26. Rd3 Qe4 27. Qc4 h5 28. Rbd1 Rad8 29. h4 g6 30. Qc3 Qg4 31. Qe1 Qf5 32. Qe3 Kh7 33. Kg2 Qf6 34. Qe4 Kg7 35. Qe3 Kh7 36. Qe4 Kg7 37. Qe3 Kh7 38. Qe4 Kg7 39. Qe3 Kh7 40. Qe4 Kg7 1/2-1/2

[Event "Chigorin Memorial 25th"]
[Site "St Petersburg"]
[Date "2017.10.22"]
[Round "2"]
[White "Tugarin, Anton"]
[Black "Abdusattorov, Nodirbek"]
[Result "0-1"]
[WhiteElo "2251"]
[BlackElo "2498"]
[PlyCount "118"]
[EventDate "2017.10.21"]
[EventType "swiss"]
[EventRounds "9"]
[EventCountry "RUS"]
[SourceTitle "CBM 181 Extra"]
[Source "ChessBase"]
[SourceDate "2017.12.12"]
[SourceVersion "1"]
[SourceVersionDate "2017.12.12"]
[SourceQuality "1"]

1. Nf3 Nf6 2. c4 e6 3. g3 d5 4. d4 Bb4+ 5. Bd2 Bd6 6. Nc3 c6 7. Qc2 Nbd7 8. e4 dxe4 9. Nxe4 Nxe4 10. Qxe4 Nf6 11. Qc2 0-0 12. Bg2 b6 13. 0-0 Bb7 14. c5 Be7 15. Rad1 Nd5 16. Rfe1 a5 17. a3 Qc7 18. Ng5 Bxg5 19. Bxg5 Ba6 20. h4 a4 21. Rc1 Bb5 22. cxb6 Qxb6 23. Qc5 Qa6 24. Bxd5 cxd5 25. Bd2 Bc4 26. Bb4 Rfc8 27. Qd6 Qxd6 28. Bxd6 h5 29. Re3 Bb3 30. Rxc8+ Rxc8 31. Rc3 Bc4 32. Re3 Kh7 33. Kg2 Kg6 34. Bb4 Re8 35. Bc3 f6 36. Kh2 Bb3 37. Kg2 Bc2 38. Kh2 Kf7 39. Kg1 Be4 40. f3 Bc2 41. Kf2 Kg6 42. f4 Kf5 43. Kf3 Rc8 44. Kf2 Be4 45. Re1 Rc4 46. Rd1 Kg4 47. Rd2 Rc7 48. Rd1 g5 49. hxg5 fxg5 50. fxg5 Rf7+ 51. Kg1 Kxg3 52. Rf1 Rg7 53. Be1+ Kh3 54. Rf4 Rxg5+ 55. Kf2 Rg2+ 56. Ke3 Rxb2 57. Rh4+ Kg2 58. Bb4 Rb3+ 59. Kf4 Rxb4 0-1

[Event "Voronezh op-A 20th"]
[Site "Voronezh"]
[Date "2016.06.19"]
[Round "8"]
[White "Tugarin, Anton"]
[Black "Sattarov, Bobir"]
[Result "1-0"]
[WhiteElo "2225"]
[BlackElo "2314"]
[PlyCount "81"]
[EventDate "2016.06.12"]
[EventType "swiss"]
[EventRounds "9"]
[EventCountry "RUS"]
[SourceTitle "EXT 2019"]
[Source "ChessBase"]
[SourceDate "2018.10.10"]
[SourceVersion "1"]
[SourceVersionDate "2018.10.10"]
[SourceQuality "1"]

1. Nf3 Nf6 2. c4 g6 3. Nc3 Bg7 4. e4 d6 5. d4 c5 6. Be2 0-0 7. 0-0 Bg4 8. d5 Na6 9. Bg5 Nc7 10. Qd2 e6 11. h3 Bxf3 12. Bxf3 e5 13. Rab1 Qe8 14. Bxf6 Bxf6 15. b4 cxb4 16. Rxb4 Na6 17. Rxb7 Nc5 18. Rc7 a6 19. Rc6 Qd8 20. Qc2 Rc8 21. Bg4 Rb8 22. Na4 Nxa4 23. Qxa4 a5 24. Qc2 h5 25. Be2 Rb6 26. c5 Rxc6 27. dxc6 Be7 28. cxd6 Bxd6 29. Rd1 Qc7 30. Bc4 Kg7 31. Bd5 Rb8 32. Rd3 Qe7 33. Rf3 f6 34. Rd3 Qc7 35. g4 hxg4 36. hxg4 Rh8 37. Rb3 Rb8 38. Rf3 g5 39. Be6 Qb6 40. Rd3 Rd8 41. Rb3 1-0

[Event "Voronezh op-A 20th"]
[Site "Voronezh"]
[Date "2016.06.15"]
[Round "4"]
[White "Tugarin, Anton"]
[Black "Tillyaev, Ulugbek"]
[Result "1-0"]
[WhiteElo "2225"]
[BlackElo "2322"]
[PlyCount "125"]
[EventDate "2016.06.12"]
[EventType "swiss"]
[EventRounds "9"]
[EventCountry "RUS"]
[SourceTitle "EXT 2019"]
[Source "ChessBase"]
[SourceDate "2018.10.10"]
[SourceVersion "1"]
[SourceVersionDate "2018.10.10"]
[SourceQuality "1"]

1. Nf3 Nf6 2. c4 e6 3. g3 d5 4. d4 Be7 5. Bg2 dxc4 6. 0-0 0-0 7. Qc2 c5 8. dxc5 Bxc5 9. Qxc4 Qe7 10. a3 a5 11. Nc3 Nbd7 12. Bf4 b6 13. Ne5 Nxe5 14. Bxe5 Ba6 15. Qh4 Rad8 16. b4 Bd6 17. Bd4 Rb8 18. Rfd1 e5 19. Be3 axb4 20. axb4 Bxb4 21. Rxa6 Bxc3 22. Rxb6 h6 23. Rc6 Rfc8 24. Bxh6 Rxc6 25. Qg5 Qf8 26. Bxc6 Rc8 27. Qxf6 gxf6 28. Bxf8 Kxf8 29. Be4 Ke7 30. Kg2 Bd4 31. e3 Ba7 32. Bf5 Rd8 33. Rb1 Rb8 34. Rc1 Bb6 35. Kf3 Rd8 36. h4 Ba5 37. Ra1 Bb6 38. h5 Rh8 39. Rb1 Bc7 40. Rb7 Kd6 41. g4 Kc6 42. Rb1 Bb6 43. Be4+ Kc7 44. Rc1+ Kd7 45. Bf5+ Ke7 46. Rd1 Rd8 47. Rb1 Rd6 48. h6 Kf8 49. Rc1 Kg8 50. Rc8+ Bd8 51. Rb8 Rd1 52. Ke2 Rd6 53. Rb7 e4 54. h7+ Kh8 55. Rxf7 Be7 56. Bxe4 Rd7 57. Bc6 Rc7 58. Kf3 Ra7 59. Ke4 Bc5 60. Rxa7 Bxa7 61. Kf5 Kg7 62. h8Q+ Kxh8 63. Kxf6 1-0

[Event "Voronezh op-A 20th"]
[Site "Voronezh"]
[Date "2016.06.13"]
[Round "2"]
[White "Harutjunyan, Gevorg"]
[Black "Tugarin, Anton"]
[Result "0-1"]
[WhiteElo "2430"]
[BlackElo "2225"]
[PlyCount "82"]
[EventDate "2016.06.12"]
[EventType "swiss"]
[EventRounds "9"]
[EventCountry "RUS"]
[SourceTitle "EXT 2019"]
[Source "ChessBase"]
[SourceDate "2018.10.10"]
[SourceVersion "1"]
[SourceVersionDate "2018.10.10"]
[SourceQuality "1"]

1. c4 e6 2. Nf3 d5 3. g3 c6 4. d4 dxc4 5. Bg2 b5 6. 0-0 Bb7 7. b3 cxb3 8. Qxb3 Nf6 9. a4 b4 10. Ne5 Qxd4 11. Bb2 Qd8 12. a5 a6 13. Rd1 Qc7 14. Nd2 Be7 15. Ndc4 0-0 16. Nxf7 Rxf7 17. Be5 Qc8 18. Nb6 Qe8 19. Qxe6 Ra7 20. Bxf6 gxf6 21. Bf3 c5 22. Bh5 Bc6 23. Nc8 Rc7 24. Bxf7+ Qxf7 25. Nxe7+ Rxe7 26. Rd8+ Re8 27. Qc8 Rxd8 28. Qxd8+ Qf8 29. Qc7 Bb5 30. Rd1 Nc6 31. Rd7 b3 32. Qf4 Ne5 33. Rd2 c4 34. Qd4 Qe7 35. h3 Kg7 36. Qc3 Nf7 37. Rd4 h5 38. f4 Qxe2 39. Rd2 Qe1+ 40. Kh2 Bc6 41. g4 h4 0-1